[Event "XVII Weekend A"]
[Site "Campodarsego ITA"]
[Date "2006.01.21"]
[Round "3"]
[White "Cacco, Christian"]
[Black "Xia, Jie"]
[Result "1-0"]
[WhiteElo "2398"]
[BlackElo "2109"]
[PlyCount "57"]
[EventDate "2006.01.20"]

1.d4 Nf6 2.Nf3 g6 3.b4 Bg7 4.Bb2 O-O 5.Nbd2 d6 6.e3 c6 7.c4 a5 8.a3 Bd7 9.
b5 a4 10.bxc6 Nxc6 11.Bd3 Re8 12.d5 Na5 13.O-O Qb8 14.Rb1 Rc8 15.Bd4 b5 
16.e4 Nb7 17.cxb5 Nc5 18.Qe2 e6 19.dxe6 Nxe6 20.Ba1 Ng4 21.Bc4 Bxa1 22.
Rxa1 Bxb5 23.Rfb1 Bxc4 24.Nxc4 Qc7 25.Nb6 d5 26.g3 Qc2 27.Qxc2 Rxc2 28.
exd5 Ng7 29.Nxa8 1-0

[Event "XVII Weekend A"]
[Site "Campodarsego ITA"]
[Date "2006.01.21"]
[Round "3"]
[White "Dvirnyy, Danyyil"]
[Black "Naumkin, Igor"]
[Result "1/2-1/2"]
[WhiteElo "2265"]
[BlackElo "2456"]
[PlyCount "46"]
[EventDate "2006.01.20"]

1.e4 e5 2.Nf3 Nc6 3.d4 exd4 4.Bc4 Nf6 5.O-O Nxe4 6.Re1 d5 7.Bxd5 Qxd5 8.
Nc3 Qa5 9.Nxe4 Be6 10.Neg5 O-O-O 11.Nxe6 fxe6 12.Rxe6 Bd6 13.Bg5 Rdf8 14.
Bh4 Qd5 15.Qe2 d3 16.cxd3 g5 17.Nxg5 Rhg8 18.Qg4 Kb8 19.Rae1 a6 20.Qe4 
Qxa2 21.Nf3 Qxb2 22.Bg3 Bxg3 23.hxg3 Qb5 1/2-1/2

[Event "XVII Weekend A"]
[Site "Campodarsego ITA"]
[Date "2006.01.21"]
[Round "3"]
[White "Gennari, Leone"]
[Black "Zanirato, Stefano"]
[Result "0-1"]
[WhiteElo "2035"]
[BlackElo "1952"]
[PlyCount "109"]
[EventDate "2006.01.20"]

1.d4 Nf6 2.c4 e5 3.dxe5 Ng4 4.Nf3 Nc6 5.Bg5 Be7 6.Bf4 g5 7.Bg3 Bb4+ 8.Nc3 
Qe7 9.Qd5 h5 10.h3 Nh6 11.e3 Nf5 12.Bh2 g4 13.Nd4 Ncxd4 14.exd4 Bxc3+ 15.
bxc3 Qa3 16.Rd1 Qxc3+ 17.Rd2 Rh6 18.Qe4 g3 19.fxg3 Nxg3 20.Bxg3 Qxg3+ 21.
Kd1 d6 22.Rd3 Qg6 23.Re3 Qxe4 24.Rxe4 dxe5 25.Rxe5+ Kf8 26.Be2 h4 27.Bf3 
Bd7 28.Rhe1 Rd8 29.Kc1 c6 30.Kb2 Re6 31.Kc3 Rde8 32.Rxe6 Rxe6 33.Rxe6 fxe6
34.Kd3 Ke7 35.Ke4 b5 36.cxb5 cxb5 37.Ke5 a5 38.d5 exd5 39.Bxd5 b4 40.Kd4 
Kd6 41.Kc4 Be8 42.Kd4 a4 43.Be4 Bf7 44.Bc2 Bxa2 45.Bxa4 Bd5 46.Bd1 Bxg2 
47.Kc4 Bxh3 48.Kxb4 Ke5 49.Kc3 Bg2 50.Bg4 Kf4 51.Bd7 Kg3 52.Kd2 Bh3 53.Bc6
Kf2 54.Bd5 Bg4 55.Bc6 0-1

[Event "XVII Weekend A"]
[Site "Campodarsego ITA"]
[Date "2006.01.21"]
[Round "3"]
[White "Giancotti, Eraldo"]
[Black "Giuriato, Sergio"]
[Result "0-1"]
[WhiteElo "2068"]
[BlackElo "1987"]
[PlyCount "100"]
[EventDate "2006.01.20"]

1.d4 Nf6 2.c4 e6 3.g3 d5 4.Bg2 Be7 5.Nf3 O-O 6.O-O c6 7.Nbd2 Nbd7 8.b3 b6 
9.Bb2 Bb7 10.Rc1 Rc8 11.Qe1 Rc7 12.e4 dxe4 13.Nxe4 c5 14.Nc3 a6 15.Rd1 
cxd4 16.Nxd4 Bxg2 17.Kxg2 Qa8+ 18.Kg1 Nc5 19.Qe2 Rd8 20.Rfe1 Rcd7 21.Nf3 
Nd3 22.Rxd3 Rxd3 23.Nd5 Nxd5 24.Qxd3 Nf4 25.Qe4 Nd3 26.Qxa8 Rxa8 27.Re2 
Nxb2 28.Rxb2 Rd8 29.Kf1 f6 30.Ke2 Kf7 31.Ne1 e5 32.f3 Ke6 33.Nd3 g5 34.g4 
Rd4 35.Nf2 h5 36.h3 f5 37.Rd2 hxg4 38.hxg4 fxg4 39.fxg4 Rf4 40.Rd5 e4 41.
a4 Bc5 42.Nh3 Rxg4 43.Nxg5+ Kf6 44.Nh7+ Kg6 45.Rxc5 bxc5 46.Nf8+ Kf5 47.
Nd7 Kf4 48.Nxc5 Rg2+ 49.Kd1 Kf3 50.b4 e3 0-1

[Event "XVII Weekend A"]
[Site "Campodarsego ITA"]
[Date "2006.01.21"]
[Round "3"]
[White "Lavric, Mihail"]
[Black "Sinato, Fabrizio"]
[Result "1-0"]
[WhiteElo "1996"]
[BlackElo "1942"]
[PlyCount "78"]
[EventDate "2006.01.20"]

1.d4 d5 2.c4 e6 3.Nc3 Nf6 4.Nf3 Nbd7 5.e3 b6 6.cxd5 exd5 7.Bb5 Bb4 8.O-O 
O-O 9.Bc6 Rb8 10.Qa4 Bxc3 11.bxc3 Bb7 12.Ba3 Bxc6 13.Qxc6 Re8 14.c4 dxc4 
15.Qxc4 Ne4 16.Rfd1 Rc8 17.Rac1 Qf6 18.Qa4 Qf5 19.Rc6 Ndf6 20.h3 g5 21.Qc2
g4 22.hxg4 Nxg4 23.Rf1 Qh5 24.Rxc7 Ng5 25.Bd6 Rcd8 26.Bf4 Ne6 27.Rc4 Nxf4 
28.exf4 Nf6 29.Re1 Rf8 30.Re5 Qh6 31.Rg5+ Kh8 32.Rc6 Rg8 33.Qf5 Rxg5 34.
fxg5 Qg6 35.Qxf6+ Qxf6 36.gxf6 h6 37.Kf1 Rd7 38.Ke2 Kh7 39.Ke3 Kg6 1-0

[Event "XVII Weekend A"]
[Site "Campodarsego ITA"]
[Date "2006.01.21"]
[Round "3"]
[White "Mosconi, Ariel Oscar"]
[Black "Bracaglia, Carlo"]
[Result "0-1"]
[WhiteElo "2156"]
[BlackElo "2162"]
[PlyCount "114"]
[EventDate "2006.01.20"]

1.e4 c5 2.c3 d5 3.exd5 Qxd5 4.d4 Nf6 5.Nf3 e6 6.Be2 cxd4 7.cxd4 Nc6 8.O-O 
Be7 9.Nc3 Qd6 10.Nb5 Qb8 11.Bg5 a6 12.Nc3 O-O 13.Qd2 b5 14.Bxf6 Bxf6 15.
Ne4 Be7 16.Rfc1 Qb6 17.d5 exd5 18.Qxd5 Bb7 19.Qh5 Rad8 20.Rd1 Nd4 21.Nxd4 
Rxd4 22.Rxd4 Qxd4 23.Nc3 Bc5 24.Rf1 g6 25.Qh3 Re8 26.Bf3 Bxf3 27.Qxf3 Kg7 
28.h3 Qe5 29.Qd5 Qxd5 30.Nxd5 Re2 31.Nc7 Rxb2 32.Nxa6 Bb6 33.a3 Ra2 34.Nb4
Rxa3 35.Nd5 Bd4 36.Rb1 Ra1 37.Rxa1 Bxa1 38.Kf1 f5 39.Ke2 Kf7 40.Kd3 Be5 
41.f4 Bd6 42.Kd4 Ke6 43.g3 h6 44.Nc3 b4 45.Ne2 g5 46.Kc4 gxf4 47.gxf4 h5 
48.Ng3 Bxf4 49.Nxf5 Kxf5 50.Kxb4 Be5 51.Kc4 Kf4 52.Kd3 Kf3 53.Kd2 Bg3 54.
Kd1 h4 55.Kd2 Bf2 56.Kd1 Kg2 57.Ke2 Bb6 0-1

[Event "XVII Weekend A"]
[Site "Campodarsego ITA"]
[Date "2006.01.21"]
[Round "3"]
[White "Pomaro, Alberto"]
[Black "Mukic, Josko"]
[Result "0-1"]
[WhiteElo "1980"]
[BlackElo "2329"]
[PlyCount "86"]
[EventDate "2006.01.20"]

1.d4 Nf6 2.c4 e5 3.d5 Bc5 4.Nc3 d6 5.e3 c6 6.Bd3 cxd5 7.cxd5 O-O 8.Nge2 a6
9.O-O b5 10.Qc2 Bb7 11.Ng3 g6 12.e4 Nbd7 13.Qe2 Kg7 14.Be3 Bxe3 15.Qxe3 
Nc5 16.b4 Nxd3 17.Qxd3 Rc8 18.Rac1 Rc4 19.a3 h5 20.Rfe1 h4 21.Nf1 Nh5 22.
Ne2 Rxc1 23.Rxc1 f5 24.exf5 gxf5 25.Qf3 Kg6 26.Ne3 Rf7 27.g4 hxg3 28.hxg3 
Qg5 29.Ng2 Kh6 30.Kf1 Nf6 31.Ne3 Ne4 32.Kg2 Nd2 33.Ng4+ Qxg4 34.Qe3+ Qg5 
35.f4 Bxd5+ 36.Kg1 Nf3+ 37.Qxf3 Bxf3 38.fxg5+ Kxg5 39.Kf2 Bxe2 40.Kxe2 d5 
41.Rc5 Rd7 42.Rc6 d4 43.Rxa6 Rc7 0-1

[Event "XVII Weekend A"]
[Site "Campodarsego ITA"]
[Date "2006.01.21"]
[Round "3"]
[White "Roberti, Ignazio"]
[Black "Bonafede, Alessandro"]
[Result "1/2-1/2"]
[WhiteElo "1950"]
[BlackElo "2115"]
[PlyCount "103"]
[EventDate "2006.01.20"]

1.e4 c5 2.Nf3 Nc6 3.Bb5 g6 4.O-O Bg7 5.c3 Nf6 6.Re1 O-O 7.d4 d5 8.e5 Ne4 
9.Nbd2 cxd4 10.cxd4 Nxd2 11.Qxd2 Qb6 12.Bxc6 Qxc6 13.b3 Bg4 14.Qe3 Rfc8 
15.Ba3 Qd7 16.Rac1 Bxf3 17.Qxf3 Bh6 18.Rc5 e6 19.Qh3 Bg5 20.Qg4 Be7 21.
Rxc8+ Rxc8 22.Bxe7 Qxe7 23.Qf4 Qc7 24.g4 Qc2 25.h4 Qxa2 26.h5 Qa5 27.Rd1 
Qd8 28.g5 b6 29.Rd3 Qe7 30.Rf3 a5 31.hxg6 fxg6 32.Qd2 Rf8 33.Rf6 Rc8 34.
Kg2 Qd7 35.Kg3 Qc6 36.Qf4 Qd7 37.Qd2 Qc6 38.Qf4 Qe8 39.Qd2 Ra8 40.Qd1 b5 
41.Qa1 Qe7 42.Qc3 a4 43.Qc6 Qe8 44.Qd6 Rd8 45.Qb4 Rc8 46.bxa4 bxa4 47.Qd6 
Rc6 48.Qa3 Rb6 49.f3 Kg7 50.Qc5 Rc6 51.Qa7+ Kg8 52.Qxa4 1/2-1/2

[Event "XVII Weekend A"]
[Site "Campodarsego ITA"]
[Date "2006.01.21"]
[Round "3"]
[White "Trangoni, Bruno"]
[Black "Quaranta, Cristiano"]
[Result "0-1"]
[WhiteElo "1954"]
[BlackElo "2024"]
[PlyCount "82"]
[EventDate "2006.01.20"]

1.d4 d5 2.Nf3 Nf6 3.e3 g6 4.Bd3 Bg7 5.Nbd2 O-O 6.O-O Nbd7 7.c3 c5 8.Re1 b6
9.e4 dxe4 10.Nxe4 cxd4 11.Nxd4 Bb7 12.Bg5 Nxe4 13.Bxe4 Bxe4 14.Rxe4 Nf6 
15.Re1 Qc7 16.Qf3 Rfe8 17.Nc6 e6 18.Nxa7 Rxa7 19.Bxf6 Bxf6 20.Qxf6 Qd8 21.
Qf3 Qd2 22.Qc6 Rb8 23.Rab1 Rxa2 24.Rxe6 Rxb2 25.Re8+ Kg7 26.Rf1 Rxe8 27.
Qxe8 Qxc3 28.h3 Qd4 29.Qc6 b5 30.Qc1 b4 31.Qa1 b3 32.Kh2 Rd2 33.Qxd4+ Rxd4
34.Rb1 Rb4 35.Rb2 Kf6 36.f4 Kf5 37.Kg3 Ke4 38.Kf2 Kd3 39.Ke1 Kc3 40.Rf2 b2
41.Rf3+ Kd4 0-1

[Event "XVII Weekend A"]
[Site "Campodarsego ITA"]
[Date "2006.01.22"]
[Round "4"]
[White "Alviti, Claudio"]
[Black "Pomaro, Alberto"]
[Result "0-1"]
[WhiteElo "1808"]
[BlackElo "1980"]
[PlyCount "104"]
[EventDate "2006.01.20"]

1.d4 Nf6 2.c4 g6 3.Nc3 Bg7 4.e4 d6 5.f3 O-O 6.Be3 Nbd7 7.Bd3 e5 8.d5 Ne8 
9.Qd2 f5 10.Bg5 Bf6 11.Bh6 Bg7 12.Bg5 Ndf6 13.Nge2 f4 14.g4 Bd7 15.h4 h6 
16.Bxh6 Bxh6 17.g5 Bxg5 18.hxg5 Nh7 19.O-O-O Nxg5 20.Ng1 Ng7 21.Qg2 Qf6 
22.Nge2 Nf7 23.Rdg1 g5 24.Qh2 Rfe8 25.Kb1 Kf8 26.Nc1 Ke7 27.Qf2 b6 28.Rh7 
Rh8 29.Rgh1 Rxh7 30.Rxh7 Qg6 31.Qh2 Kf6 32.Qh1 Qxh7 33.Qxh7 Rh8 34.Qxh8 
Nxh8 35.N1e2 Kg6 36.Ng1 Kh5 37.Kc1 Kh4 38.Kd2 Kg3 39.c5 bxc5 40.Bb5 Bc8 
41.Bc6 a6 42.a3 Kg2 43.Nge2 Kxf3 44.b4 cxb4 45.axb4 Kg2 46.Nc1 g4 47.b5 g3
48.Nd3 Kh2 49.Nxe5 dxe5 50.d6 axb5 51.d7 Bxd7 52.Bxd7 g2 0-1

[Event "XVII Weekend A"]
[Site "Campodarsego ITA"]
[Date "2006.01.22"]
[Round "4"]
[White "Bonafede, Alessandro"]
[Black "Paggiaro, Luca"]
[Result "1-0"]
[WhiteElo "2115"]
[BlackElo "1985"]
[PlyCount "81"]
[EventDate "2006.01.20"]

1.e4 e5 2.Nf3 d6 3.d4 exd4 4.Nxd4 Nf6 5.Nc3 Be7 6.Nde2 Nc6 7.g3 Bg4 8.Bg2 
Ne5 9.f4 Ng6 10.Be3 c6 11.h3 Bxe2 12.Qxe2 Qa5 13.O-O-O Rd8 14.Qf2 O-O 15.
g4 d5 16.f5 Ne5 17.g5 Nxe4 18.Bxe4 dxe4 19.f6 Bb4 20.fxg7 Rfe8 21.Nxe4 
Qxa2 22.Nf6+ Kxg7 23.Nxe8+ Rxe8 24.c3 Qa1+ 25.Kc2 Qa4+ 26.Kb1 Bxc3 27.Bd4 
Bxd4 28.Rxd4 Qb5 29.Re1 Re6 30.Rf1 c5 31.Rd5 Qc4 32.Rxc5 Qd3+ 33.Rc2 Rc6 
34.Qe2 Rxc2 35.Qxe5+ Kf8 36.Qh8+ Ke7 37.Qf6+ Ke8 38.Qxf7+ Kd8 39.Qf8+ Kc7 
40.Rf7+ Kb6 41.Qb4+ 1-0

[Event "XVII Weekend A"]
[Site "Campodarsego ITA"]
[Date "2006.01.22"]
[Round "4"]
[White "Bracaglia, Carlo"]
[Black "Dvirnyy, Danyyil"]
[Result "0-1"]
[WhiteElo "2162"]
[BlackElo "2265"]
[PlyCount "118"]
[EventDate "2006.01.20"]

1.e4 c5 2.Nf3 d6 3.d4 cxd4 4.Nxd4 Nf6 5.Nc3 g6 6.Bc4 Bg7 7.O-O O-O 8.h3 
Nc6 9.Be3 Bd7 10.Bb3 Na5 11.f4 Qc7 12.Qd3 Rac8 13.Ndb5 Qb8 14.Bxa7 Qa8 15.
Be3 Qa6 16.a4 Nxb3 17.cxb3 Rfd8 18.Rfd1 Qa5 19.Qe2 Be6 20.Qf2 Nd7 21.Nd4 
Bxd4 22.Rxd4 Bxb3 23.Ra3 Bc4 24.Nd5 Bxd5 25.Rxd5 Qb4 26.Rd4 Rc4 27.Rxc4 
Qxc4 28.Bd4 Ra8 29.Rc3 Qe6 30.Qc2 Nf6 31.Bxf6 exf6 32.f5 Qd7 33.b3 d5 34.
Rc7 Qd6 35.Rc8+ Rxc8 36.Qxc8+ Kg7 37.exd5 Qxd5 38.Qc2 Qd4+ 39.Kh1 b6 40.
fxg6 hxg6 41.Qc4 Qf2 42.b4 Qe1+ 43.Kh2 Qe5+ 44.Kg1 Qa1+ 45.Kf2 Qxa4 46.Qc3
Qa2+ 47.Kf3 Qd5+ 48.Kf2 g5 49.Qb2 Qe5 50.Qd2 Kg6 51.Kg1 f5 52.Qd8 Qe1+ 53.
Kh2 Qxb4 54.Qg8+ Kf6 55.Qd8+ Ke5 56.Qxg5 Qf4+ 57.Qxf4+ Kxf4 58.Kg1 Kg3 59.
Kf1 f4 0-1

[Event "XVII Weekend A"]
[Site "Campodarsego ITA"]
[Date "2006.01.22"]
[Round "4"]
[White "De Nardi, Riccardo"]
[Black "Gennari, Leone"]
[Result "1/2-1/2"]
[WhiteElo "1933"]
[BlackElo "2035"]
[PlyCount "36"]
[EventDate "2006.01.20"]

1.e4 e6 2.d4 d5 3.e5 c5 4.c3 Nc6 5.Be3 Bd7 6.Nf3 Qc7 7.Be2 f6 8.exf6 Nxf6 
9.dxc5 e5 10.b4 a6 11.Na3 Be7 12.Nc2 O-O 13.O-O h6 14.Nfe1 Be6 15.Bf3 Rad8
16.h3 Rd7 17.g4 Nh7 18.Bg2 Bg5 1/2-1/2

[Event "XVII Weekend A"]
[Site "Campodarsego ITA"]
[Date "2006.01.22"]
[Round "4"]
[White "Giuriato, Sergio"]
[Black "Roberti, Ignazio"]
[Result "1/2-1/2"]
[WhiteElo "1987"]
[BlackElo "1950"]
[PlyCount "96"]
[EventDate "2006.01.20"]

1.d4 Nf6 2.c4 e6 3.Nc3 Bb4 4.e3 b6 5.Ne2 Bb7 6.a3 Bxc3+ 7.Nxc3 O-O 8.Qc2 
Nc6 9.Bd3 a5 10.b3 h6 11.Bb2 d5 12.O-O Rc8 13.Rad1 Qd7 14.cxd5 Nxd5 15.
Nxd5 Qxd5 16.Be4 Qd6 17.d5 Nd8 18.dxe6 Bxe4 19.exf7+ Rxf7 20.Qxe4 Qf8 21.
Rd2 c5 22.Rfd1 Nc6 23.Qe6 Kh7 24.Rd7 Rc7 25.R1d6 Rcxd7 26.Rxd7 Rxd7 27.
Qxd7 Ne7 28.e4 Qf7 29.Qd3 Qg6 30.f4 Nc8 31.f5 Qd6 32.Qc3 Qd1+ 33.Kf2 Qg4 
34.Qe5 Qg5 35.Bc3 Ne7 36.g3 Ng8 37.Qc7 Nf6 38.Bxf6 Qxf6 39.Kg2 Qb2+ 40.Kh3
Qxb3 41.e5 Qf3 42.Qf7 Qf1+ 43.Kh4 Qe2 44.Qg6+ Kg8 45.e6 Qxh2+ 46.Kg4 Qe2+ 
47.Kh3 Qf1+ 48.Kh2 Qf2+ 1/2-1/2

[Event "XVII Weekend A"]
[Site "Campodarsego ITA"]
[Date "2006.01.22"]
[Round "4"]
[White "Lavric, Mihail"]
[Black "Trangoni, Bruno"]
[Result "0-1"]
[WhiteElo "1996"]
[BlackElo "1954"]
[PlyCount "84"]
[EventDate "2006.01.20"]

1.d4 g6 2.c4 Bg7 3.Nc3 d6 4.Nf3 Nd7 5.g3 e5 6.Bg2 Ne7 7.O-O O-O 8.e3 h6 9.
Nh4 g5 10.Nf3 f5 11.dxe5 dxe5 12.Qc2 e4 13.Nd4 Ne5 14.b3 c5 15.Nde2 Nd3 
16.Ba3 Qa5 17.Bb2 Nc6 18.a3 Nce5 19.f3 exf3 20.Bxf3 Nxf3+ 21.Rxf3 Nxb2 22.
Qxb2 f4 23.b4 cxb4 24.axb4 Qc7 25.gxf4 Qxc4 26.Qa2 Be6 27.Qxc4 Bxc4 28.Rd1
Rad8 29.Rxd8 Rxd8 30.f5 Be5 31.e4 Rd2 32.Re3 a6 33.Kf1 b6 34.Kg1 a5 35.
bxa5 bxa5 36.Kh1 a4 37.Nxa4 Rxe2 38.Rxe2 Bxe2 39.Kg2 Kf7 40.Nb6 Bd3 41.Kf3
Bxh2 42.Ke3 Bf1 0-1

[Event "XVII Weekend A"]
[Site "Campodarsego ITA"]
[Date "2006.01.22"]
[Round "4"]
[White "Mukic, Josko"]
[Black "Zanirato, Stefano"]
[Result "1-0"]
[WhiteElo "2329"]
[BlackElo "1952"]
[PlyCount "52"]
[EventDate "2006.01.20"]

1.f4 d5 2.Nf3 Nc6 3.e3 a6 4.b3 Bf5 5.Bb2 e6 6.Be2 f6 7.O-O Bg4 8.h3 Bxf3 
9.Bxf3 Nh6 10.c4 Nf5 11.cxd5 exd5 12.Nc3 d4 13.Nd5 Bc5 14.Rc1 Ba7 15.e4 
Ng3 16.Re1 d3+ 17.Kh2 Bf2 18.Bh5+ g6 19.Bxf6 Qd6 20.Bf3 O-O 21.e5 Qd7 22.
Rxc6 bxc6 23.Ne7+ Qxe7 24.Bxe7 Rxf4 25.Bxc6 Bxe1 26.Qxe1 Ne2 1-0

[Event "XVII Weekend A"]
[Site "Campodarsego ITA"]
[Date "2006.01.22"]
[Round "4"]
[White "Naumkin, Igor"]
[Black "Cacco, Christian"]
[Result "1-0"]
[WhiteElo "2456"]
[BlackElo "2398"]
[PlyCount "137"]
[EventDate "2006.01.20"]

1.d4 d5 2.c4 c6 3.Nf3 dxc4 4.e3 Bg4 5.Bxc4 e6 6.h3 Bh5 7.O-O Nf6 8.Nc3 Be7
9.Be2 Nbd7 10.e4 O-O 11.Bf4 Bg6 12.Bd3 Nb6 13.Qe2 Qd7 14.Rad1 Rfd8 15.a4 
Qe8 16.Bc2 Nbd7 17.Bc7 Rdc8 18.Bh2 Bb4 19.Ne5 c5 20.Na2 Ba5 21.Nxd7 Qxd7 
22.dxc5 Qc6 23.b4 Bc7 24.Bd6 Bxd6 25.Rxd6 Qc7 26.Rc1 Ne8 27.e5 Nxd6 28.
exd6 Qd7 29.Bxg6 hxg6 30.Qe4 Qxa4 31.Nc3 Qc6 32.Qh4 g5 33.Qxg5 a5 34.Re1 
f6 35.Qg4 Qd7 36.Nd5 f5 37.Nf6+ Kf7 38.Nxd7 fxg4 39.b5 gxh3 40.Nb6 Rxc5 
41.Nxa8 Rd5 42.Nb6 Rxd6 43.Nc4 Rd5 44.gxh3 Kf6 45.Nxa5 Rxb5 46.Nc4 Rg5+ 
47.Kf1 Rh5 48.Re3 b5 49.Nd6 b4 50.Ne4+ Ke7 51.Rg3 g6 52.Rb3 Rb5 53.Ke2 Kd8
54.Kd3 Rh5 55.Kd4 Kc7 56.Nf6 Rf5 57.Ng4 Kc6 58.Ne5+ Kb5 59.Nd3 Ka5 60.Nxb4
Ka4 61.Rb2 Rf4+ 62.Kc3 Rf3+ 63.Nd3 Rxh3 64.Rb6 e5 65.Kc4 Rh4+ 66.f4 Ka5 
67.Rb5+ Ka6 68.Nb4+ Ka7 69.Nc6+ 1-0

[Event "XVII Weekend A"]
[Site "Campodarsego ITA"]
[Date "2006.01.22"]
[Round "4"]
[White "Quaranta, Cristiano"]
[Black "Allegranti, Luca"]
[Result "1-0"]
[WhiteElo "2024"]
[BlackElo "2034"]
[PlyCount "70"]
[EventDate "2006.01.20"]

1.c4 b6 2.Nc3 e6 3.Nf3 Bb7 4.d4 Nf6 5.a3 Be7 6.Bf4 O-O 7.e3 d6 8.Bd3 Nbd7 
9.b4 c5 10.d5 e5 11.Bg3 cxb4 12.axb4 a5 13.bxa5 Rxa5 14.Rxa5 bxa5 15.O-O 
Nc5 16.Qc2 Nxd3 17.Qxd3 Nd7 18.Na4 f5 19.Qd2 Ba6 20.Rc1 Qc7 21.Bh4 Bxh4 
22.Nxh4 e4 23.f4 g6 24.Qd4 Rb8 25.g4 Qd8 26.Ng2 Rb4 27.Nb2 Qb6 28.Rc2 Qc5 
29.gxf5 a4 30.Qxe4 Nf6 31.Qe6+ Kg7 32.Qe7+ Kh6 33.Qxf6 a3 34.Nd3 Rb1+ 35.
Kf2 a2 1-0

[Event "XVII Weekend A"]
[Site "Campodarsego ITA"]
[Date "2006.01.22"]
[Round "4"]
[White "Ribon, Andrea"]
[Black "Pircher, Karl"]
[Result "1-0"]
[WhiteElo "1858"]
[BlackElo "2018"]
[PlyCount "61"]
[EventDate "2006.01.20"]

1.c4 e6 2.Nc3 d5 3.d4 Nf6 4.Bg5 Nbd7 5.e3 c6 6.Nf3 Qa5 7.a3 Ne4 8.Be2 Nxg5
9.Nxg5 dxc4 10.f4 b5 11.O-O Be7 12.Nce4 h6 13.Nf3 O-O 14.Ne5 Nxe5 15.fxe5 
Qb6 16.Bh5 c5 17.Nf6+ Kh8 18.Bf3 Rb8 19.Be4 cxd4 20.exd4 Rd8 21.Qh5 Qxd4+ 
22.Kh1 Bxf6 23.exf6 Qxe4 24.fxg7+ Kh7 25.Rf6 Qg6 26.Rxg6 fxg6 27.Qe5 Bb7 
28.Rf1 Rbc8 29.g8=Q+ Kxg8 30.Qxe6+ Kh8 31.Qf6+ 1-0

[Event "XVII Weekend A"]
[Site "Campodarsego ITA"]
[Date "2006.01.22"]
[Round "4"]
[White "Sinato, Fabrizio"]
[Black "Giancotti, Eraldo"]
[Result "0-1"]
[WhiteElo "1942"]
[BlackElo "2068"]
[PlyCount "86"]
[EventDate "2006.01.20"]

1.e4 g6 2.d4 Bg7 3.Nc3 c6 4.f4 d5 5.e5 h5 6.Be3 Bg4 7.Qd2 Nh6 8.h3 Bf5 9.
Nf3 Nd7 10.Be2 e6 11.O-O-O b5 12.Rdg1 Qa5 13.Ng5 b4 14.Nb1 f6 15.g4 fxg5 
16.fxg5 Ng8 17.gxf5 exf5 18.Re1 Ne7 19.a3 Rb8 20.h4 Nf8 21.Rh3 Ne6 22.Bf2 
O-O 23.Rb3 Qc7 24.Rxb4 Rxb4 25.axb4 Rb8 26.Na3 Qb6 27.c3 Nc7 28.Bd3 Ne6 
29.Qc2 Bf8 30.Qa4 Nf4 31.Bf1 Nc8 32.e6 Rb7 33.Bg3 Bd6 34.Kd1 Nd3 35.Bxd3 
Bxg3 36.Ba6 Rc7 37.Bxc8 Rxc8 38.Re2 Re8 39.c4 Qxd4+ 40.Kc2 dxc4 41.Kb1 
Qd3+ 42.Rc2 Rxe6 43.Qxa7 Re1+ 0-1

[Event "XVII Weekend A"]
[Site "Campodarsego ITA"]
[Date "2006.01.22"]
[Round "4"]
[White "Xia, Jie"]
[Black "Mosconi, Ariel Oscar"]
[Result "0-1"]
[WhiteElo "2109"]
[BlackElo "2156"]
[PlyCount "86"]
[EventDate "2006.01.20"]

1.e4 c5 2.Nf3 a6 3.c4 d6 4.d4 cxd4 5.Nxd4 Nf6 6.Nc3 Nc6 7.Nc2 e6 8.Be2 Ne7
9.Ne3 Ng6 10.O-O Be7 11.b3 Qa5 12.Qc2 Bd7 13.a4 Rc8 14.Ba3 Qc7 15.Rac1 Nf4
16.Bf3 Bc6 17.Qd2 Ng6 18.Ncd5 exd5 19.cxd5 O-O 20.Nf5 Rfd8 21.dxc6 bxc6 
22.Nxe7+ Qxe7 23.Qa5 Nh4 24.Qxa6 Nxe4 25.Qd3 Nxf3+ 26.gxf3 Qg5+ 27.Kh1 Nc5
28.Bxc5 dxc5 29.Qc3 Qf4 30.Rg1 g6 31.Rg4 Qd2 32.Qxc5 Rd3 33.Kg2 Rxb3 34.
Rgc4 Qe2 35.Rf4 Rb2 36.Qa7 Rc7 37.Qd4 Rd7 38.Qc5 Rd5 39.Qa7 Rg5+ 40.Kh1 
Qe6 41.Re4 Qh3 42.Re8+ Kg7 43.Qd4+ Kh6 0-1

[Event "XVII Weekend A"]
[Site "Campodarsego ITA"]
[Date "2006.01.22"]
[Round "5"]
[White "Paggiaro, Luca"]
[Black "Lavric, Mihail"]
[Result "1/2-1/2"]
[WhiteElo "1985"]
[BlackElo "1996"]
[PlyCount "29"]
[EventDate "2006.01.20"]

1.e4 c5 2.Nc3 Nc6 3.d3 d6 4.g3 Nf6 5.Bg2 Bg4 6.Nge2 g6 7.O-O Bg7 8.Be3 O-O
9.Qd2 a6 10.Bh6 Rb8 11.Bxg7 Kxg7 12.f4 b5 13.e5 Nxe5 14.fxe5 dxe5 15.Rae1 
1/2-1/2

[Event "XVII Weekend A"]
[Site "Campodarsego ITA"]
[Date "2006.01.22"]
[Round "5"]
[White "Pircher, Karl"]
[Black "Gennari, Leone"]
[Result "1/2-1/2"]
[WhiteElo "2018"]
[BlackElo "2035"]
[PlyCount "34"]
[EventDate "2006.01.20"]

1.d4 g6 2.c4 Bg7 3.Nc3 Nf6 4.e4 d6 5.Nf3 O-O 6.Be2 Nbd7 7.O-O e5 8.Re1 c6 
9.Bf1 a6 10.Rb1 Qc7 11.b3 b5 12.Bb2 Re8 13.dxe5 dxe5 14.Rc1 b4 15.Na4 Bb7 
16.c5 Rad8 17.Qe2 a5 1/2-1/2

[Event "XVII Weekend A"]
[Site "Campodarsego ITA"]
[Date "2006.01.22"]
[Round "5"]
[White "Pomaro, Alberto"]
[Black "Ribon, Andrea"]
[Result "1/2-1/2"]
[WhiteElo "1980"]
[BlackElo "1858"]
[PlyCount "41"]
[EventDate "2006.01.20"]

1.d4 Nf6 2.c4 e6 3.Nf3 b6 4.g3 Ba6 5.b3 Bb4+ 6.Bd2 Be7 7.Bg2 c6 8.O-O O-O 
9.Bc3 d5 10.Nbd2 Bb7 11.Qc2 Na6 12.a3 c5 13.e3 Rc8 14.Rfd1 Qc7 15.Qb2 Rfd8
16.Rac1 Qb8 17.Ne5 dxc4 18.Bxb7 Qxb7 19.dxc5 Nxc5 20.Ndxc4 Nce4 21.Bd4 
1/2-1/2

[Event "XVII Weekend A"]
[Site "Campodarsego ITA"]
[Date "2006.01.22"]
[Round "5"]
[White "Roberti, Ignazio"]
[Black "Xia, Jie"]
[Result "1/2-1/2"]
[WhiteElo "1950"]
[BlackElo "2109"]
[PlyCount "137"]
[EventDate "2006.01.20"]

1.e4 c5 2.Nf3 e6 3.b3 d5 4.exd5 Qxd5 5.Bb2 Nc6 6.Na3 Nf6 7.Nc4 Be7 8.Be2 
O-O 9.O-O b6 10.Nfe5 Nxe5 11.Nxe5 Qd6 12.Nc4 Qd7 13.Bf3 Bb7 14.Ne5 Qc7 15.
Bxb7 Qxb7 16.Qf3 Qd5 17.d3 Rac8 18.a4 Rfd8 19.Rad1 Qxf3 20.Nxf3 Nd5 21.
Rfe1 a6 22.h3 b5 23.axb5 axb5 24.Ra1 Nb4 25.Re2 Ra8 26.Kh2 Rxa1 27.Bxa1 
Ra8 28.Bc3 Nd5 29.Be5 f6 30.Bg3 Kf7 31.c4 Nc3 32.Rc2 b4 33.d4 Ra3 34.Rb2 
g5 35.Bc7 h5 36.Bb6 Bd6+ 37.g3 Ne4 38.dxc5 Bxc5 39.Bxc5 Nxc5 40.Nd4 e5 41.
Nc2 Rxb3 42.Rxb3 Nxb3 43.Nxb4 Ke7 44.f3 Nd2 45.Nd5+ Ke6 46.Nc7+ Kf7 47.f4 
Nxc4 48.fxe5 fxe5 49.Kg2 Kf6 50.Kf3 Nd6 51.Nd5+ Ke6 52.Nc3 Nf5 53.Ne2 Nd6 
54.Nc3 Nf5 55.Ne2 Kd5 56.Nc3+ Kd4 57.Ne2+ Kd3 58.Nc1+ Kd2 59.Nb3+ Kd3 60.
Nc5+ Kc4 61.Ne4 h4 62.gxh4 gxh4 63.Kg4 Ne7 64.Kxh4 Kd5 65.Nd2 Nf5+ 66.Kg5 
Ke6 67.Ne4 Kd5 68.Nf6+ Ke6 69.Ne4 1/2-1/2

[Event "XVII Weekend A"]
[Site "Campodarsego ITA"]
[Date "2006.01.22"]
[Round "5"]
[White "Trangoni, Bruno"]
[Black "Giuriato, Sergio"]
[Result "1-0"]
[WhiteElo "1954"]
[BlackElo "1987"]
[PlyCount "87"]
[EventDate "2006.01.20"]

1.d4 Nf6 2.Nf3 e6 3.e3 Be7 4.Bd3 d5 5.Nbd2 c5 6.c3 O-O 7.O-O b6 8.Qc2 Bb7 
9.Ne5 g6 10.e4 cxd4 11.cxd4 dxe4 12.Nxe4 Qxd4 13.Nf3 Qd5 14.Nc3 Qh5 15.Ne4
Nxe4 16.Bxe4 Bxe4 17.Qxe4 Nd7 18.Qb7 Rfd8 19.Bf4 Bf6 20.Rad1 Ne5 21.Bxe5 
Bxe5 22.Rd7 Rxd7 23.Qxd7 Bxb2 24.Rd1 Bf6 25.Qb7 Rf8 26.Qxa7 Qc5 27.Rb1 Rc8
28.h3 Bd8 29.Qd7 Bf6 30.Qb7 Rc6 31.Rd1 Rc7 32.Qb8+ Kg7 33.Rb1 Rc6 34.Qb7 
Rd6 35.Qb8 Bd8 36.Re1 Bc7 37.Qe8 Rd8 38.Qa4 b5 39.Qh4 Ba5 40.Ng5 Bxe1 41.
Qxh7+ Kf6 42.Ne4+ Ke7 43.Nxc5 Rd1 44.Qh4+ 1-0

[Event "XVII Weekend A"]
[Site "Campodarsego ITA"]
[Date "2006.01.22"]
[Round "5"]
[White "Zanirato, Stefano"]
[Black "De Nardi, Riccardo"]
[Result "0-1"]
[WhiteElo "1952"]
[BlackElo "1933"]
[PlyCount "98"]
[EventDate "2006.01.20"]

1.Nf3 Nf6 2.d3 d6 3.e4 e5 4.Be2 g6 5.O-O Bg7 6.c3 O-O 7.Qc2 Ne8 8.d4 Nc6 
9.dxe5 Nxe5 10.Nxe5 Bxe5 11.f4 Bg7 12.Be3 f5 13.Bc4+ Kh8 14.Bd4 fxe4 15.
Qxe4 Nf6 16.Qc2 Bf5 17.Bd3 Bxd3 18.Qxd3 Nd7 19.Bxg7+ Kxg7 20.Nd2 Nc5 21.
Qc2 Qf6 22.b4 Nd7 23.Rae1 Rae8 24.Rxe8 Rxe8 25.f5 Re3 26.fxg6 Qxg6 27.
Qxg6+ hxg6 28.Rc1 Kf6 29.Kf2 Re7 30.Nc4 Ne5 31.Nxe5 Rxe5 32.c4 a5 33.a3 
axb4 34.axb4 b5 35.Kf3 c5 36.cxb5 cxb4 37.b6 Rb5 38.Ke4 Rxb6 39.Kd5 b3 40.
Rb1 b2 41.Kc4 Ke5 42.Kd3 d5 43.Re1+ Kf4 44.Rf1+ Ke5 45.Re1+ Kd6 46.Rb1 Kc5
47.Kc3 d4+ 48.Kd3 Rb3+ 49.Kd2 Kb4 0-1

[Event "Weekend A"]
[Site "Valenzano ITA"]
[Date "2006.01.21"]
[Round "1"]
[White "Borino, Paolo"]
[Black "De Giglio, Michele"]
[Result "1-0"]
[WhiteElo "2029"]
[BlackElo "1817"]
[PlyCount "81"]
[EventDate "2006.01.21"]

1.f4 d6 2.Nf3 Nf6 3.Nc3 Nc6 4.b3 g6 5.Bb2 Bg7 6.e3 O-O 7.Bb5 Bd7 8.O-O a6 
9.Bxc6 Bxc6 10.Qe1 d5 11.Ne5 Bb5 12.Rf3 Ne4 13.Nxb5 axb5 14.d3 Nd6 15.Rh3 
e6 16.g4 h6 17.Qc3 Kh7 18.Rf1 Rxa2 19.Rff3 Rxb2 20.Qxb2 f6 21.Nxg6 f5 22.
Nxf8+ Qxf8 23.Rxh6+ Kxh6 24.g5+ Kg6 25.Qc1 d4 26.Rh3 c5 27.Qd1 Kf7 28.Rh7 
Ke7 29.exd4 cxd4 30.Qh5 Qf7 31.Qf3 Qg6 32.Rh3 Qe8 33.Rg3 Qc6 34.Qe2 b4 35.
h4 Nf7 36.h5 Qc7 37.Qd2 Qd6 38.h6 Nxh6 39.gxh6 Bxh6 40.Qg2 Bxf4 41.Qxb7+ 
1-0